DEL 2 Teams nach Instagram Followern - Statistiken

Allgemein
  • Dieses Quiz wurde 17 mal gespielt
  • Das Durchschnittsergebnis liegt bei 8 aus 14
Antwortstatistiken
Follower Team % Korrekt
58.100 Düsseldorfer EG
100%
41.200 Kassel Huskies
100%
39.200 Krefeld Pinguine
100%
35.300 Starbulls Rosenheim
73%
24.600 Eisbären Regensburg
67%
23.200 Bietigheim Steelers
53%
18.500 EHC Freiburg
47%
18.000 Blue Devils Weiden
40%
18.400 EC Bad Nauheim
40%
20.500 ESV Kaufbeuren
40%
21.300 Ravensburg Towerstars
40%
22.800 EV Landshut
33%
17.500 Lausitzer Füchse
33%
19.100 Eispiraten Crimmitschau
27%
Keine übereinstimmenden Quizze gefunden
Verteilung der Resultate
Anzahl Personen mit jedem Resultat
Perzentil nach korrekt beantworteten Fragen
Ihre Resultats-Entwicklung
Sie haben dieses Quiz noch nicht gespielt